000 00942nam0a22002531 4500
001 rc\4320363
005 20130416131905.6
035 _a(NLR Aleph) 008266211
090 _a8427468
_c8427468
100 _a20130416d1959 |||y0rusy50 ca
101 0 _arus
102 _aRU
105 _aa z |||||
200 1 _aСамолетная защитная и коммутационная аппаратура
_e[Учеб. пособие]
_fПод ред. доц. канд. техн. наук Б.А. Ставровского
_gКиевск. высш. инж.-авиац. воен. училище ВВС
210 _aКиев
_cБ. и.
_d1959
215 _a70 с., 1 л. черт.
_cил.
_d23
320 _aБиблиогр.: с. 69
700 1 _aГородниченко
_bС. И.
702 1 _aСтавровский
_bБ. А.
_4340
801 0 _aRU
_bNLR
_gpsbo
801 1 _aRU
_bELAR
_2rusmarc
852 _aNLR
_j59-6/7698
942 _cBOOK
980 _aNB